000 00565cam a2200193 4500500
005 20260405003041.0
041 _afre
042 _adc
100 1 0 _aRontard, Yseult
_eauthor
245 0 0 _aVivant jusqu’à la mort. Suivi de Fragments
260 _c2020.
500 _a63
690 _aDeuil
690 _aGaieté
690 _aMort
690 _aRicœur
786 0 _nPhilosophie magazine | 139 | 6 | 2020-06-01 | p. 44-45 | 1951-1787
856 4 1 _uhttps://shs.cairn.info/magazine-philosophie-magazine-2020-6-page-44?lang=fr&redirect-ssocas=7080
999 _c2063928
_d2063929